000 00785nam a2200265Ia 4500
005 20260121170924.0
008 008 260114s9999 xx 000 0 eng d
020 _a9783319919683
037 _aEBOOK
040 _aCRL
040 _beng
040 _cCRL
041 _2eng
041 _aeng
084 _qCRL
100 _aValérie Cohen-Scali, Jacques Pouyaud, Marek Podgórny, Violetta Drabik-Podgórna, Gabriela Aisenson, Jean Luc Bernaud, Issa Abdou Moumoula, Jean Guichard
_91069831
245 0 _aInterventions in Career Design and Education
260 _bSpringer
260 _bSpringer
260 _c2018
856 _uhttps://link.springer.com/openurl?genre=book&isbn=978-3-319-91968-3
942 _cEBOOK
999 _c1635561
_d1635561